Finish the Lyrics - Sonic Songs - Statistics

General Stats
  • This quiz has been taken 46 times
  • The average score is 15 of 50
Answer Stats
Song Lyrics Blank % Correct
Fist Bump Need something more than me, someone to push me to _______ victory
78%
Unknown from M.E. You can call me Knuckles, unlike Sonic I don't ______ chuckle
65%
Live & Learn Can you feel life ______ you up inside? tangle
65%
Reach for the Stars I'm running wild livin' fast and free. Got no ______ inside of me regrets
61%
Infinite I'm the toughest of terrors, I am the _______ of days darkest
57%
I’m Here In my hands I hold the ones I love, walk forward through the cold ____ dawn
52%
Undefeatable I'm what you get when the stars _______ collide
48%
Knight of the Wind In a flash, I'm gone, holding your _____ high crown
43%
Can You Feel The Sunshine? And the sky, it makes me feel so ____ high
43%
What I’m Made Of… And one by one they've all become a ______ as they fall number
43%
Sonic Heroes Setting the stage for a heroes ______! parade
43%
I Am… All of Me You think you have the _______? I'll laugh and watch you fall answers
39%
Sonic Boom Cause there is no ____________ that you can't handle circumstance
39%
This Machine Seems you've never tasted fear - or loss of _______ control
39%
Super Sonic Racing Just feel the ____, come on now race pace
39%
Seven Rings in Hand No such thing as ____ for those who speed fate
35%
Escape from the City I know with some ____ that I'll make it through luck
35%
E.G.G.M.A.N. With my machines there is no _______ retreat
35%
It Doesn’t Matter I just only have a _________ heart of gold steadfast
35%
His World _____________ continental champ running things Intergalactic
30%
With Me You know every world will come to end, and I'll create your final ____ rest
30%
My Sweet Passion But the Sphinx looked so cute I had to _____ it shave
30%
Believe in Myself When all alone in my bed, I just go about _______' yearnin
30%
Green Light Ride Got the power we need, we're the ____ you feed fire
26%
Open Your Heart Its heart's tied down by all the ____, gotta set him free! hate
26%
Work It Out I'm someone you can ____ on ‘cause we're not givin' up without a fight rely
26%
Vandalize Covered in scars, but _____ are coming through the cracks roses
26%
All Hail Shadow Of hope and _________ and everything that comes our way tragedies
26%
A Ghost’s Pumpkin Soup I'm walkin' through ______ cryin' pumpkin in the alley. valleys
26%
Dreams of An Absolution For the _____ you waited never came valor
26%
Dear Father Took me time to realize, my heart is for what ____ can't do data
22%
Catch Me If You Can Bred from a _____ with wings and throne genie
22%
Break Through It All Don't stop we're on a mission, __________ over all the competition overdriving
22%
Free Beg, borrow, _____, you made your deal and with no hesitation steal
22%
Stars in the Sky Yes, I feel this my time, watch me ____ glow
17%
Speed Me Up Free my struggles, detach me from this ______ island
17%
Fight the Knight On my own, __________ yet not alone overthrown
17%
Supporting Me To the _________, everything's just like an illusion pressure
17%
Un-Gravitify _______ just to be on a path that's set to shatter the grounds Beaming
13%
Livin’ in the City So many people all around, so many ________ to be found feelings
13%
It’s a Sonic Christmas A message from the big man warning of a _____ delay (Uh oh) grave
13%
Fly in Freedom Nobody taught me to ____, win a happy life of a dream hint
13%
Dear My Friend You are my ________ and true friend. lifetime
13%
One Way Dream Stronger with every fall, faster with every ____ mile
13%
Lazy Days Our _________’s so huge, we don't know where it ends playground
13%
Let The Speed Mend It Sand in my eyes I can't see, but I run still _______ unfazed
13%
Live Life Feeling like the road, It's _______ you on every turn winding
13%
Look-a-like A boyfriend, a pencil, even your new ______ videos
9%
Run It Give me that _____, yeah, pour it real dry drink
4%
Business of Danger Spinning a wheel like it's _____, flash past familiar faces Vegas
4%
No matching quizzes found
Score Distribution
Percent of People with Each Score
Percentile by Number Answered
Your Score History
You have not taken this quiz